01488nam a2200337 a 4500001001000000003000500010005001700015008004100032010001100073011001100084040000900095090001000104100003600114245027200150260004100422500006000463502008400523590004100607590004000648590004000688650003900728650004400767650004900811650004700860856007000907901000700977942001000984942000600994999001901000952013101019000114762CHAP20220329144456.0180410s2018 mx |sm |||||||spa d a111223 a112195 cCHAP aTesis1 aVázquez Trejo, Ivonne913505210aEstrategias productivas de las unidades económicas rurales de los estratos: "familiar de subsistencia sin vinculación al mercado (E1)" y "familiar de subsistencia con vinculación al mercado (E2)", del Estado de Chiapash[En línea]cpor Ivonne Vázquez Trejo. aChapingo, Méx. :bEl autor,c2018. aPara ver el contenido del material haga clic en la liga aTesis (M. C. en Sociología Rural) -- UACH. Departamento de Sociología Rural aBATCH-UPDb05c20180410lUCH01h0911 aE6337LMJb05c20180410lUCH01h0910 aE6337LMJb05c20180410lUCH01h091014aDesarrollo ruralzChiapas.913505414aDesarrollo sustentablezChiapas.93209914aPobrezaxAspectos socialeszChiapas.913505314aSistemas de pruducciónzChiapas.9135055 aFinding aiduhttp://10.13.5.2/tesis/sist114762.pdfzTeclea aquí aBK cTESIS n0 c111223d111223 00104054718TESISaBCbBCd2018-04-10fTESISl0oTesisp114763-10r2019-12-31 00:00:00w2019-12-31yTESISzRecien adquirido